000 00459nam a2200169Ia 4500
003 OSt
005 20200813095601.0
008 190216s9999||||xx |||||||||||||| ||und||
040 _coclc
082 _a547
_bJAI/P
100 _aJain, M K
_93888
245 0 _aPrinciples Of Organic Chemistry /
_cM K Jain
250 _a9th Ed.
260 _bS Nagin AND Co,
_aDelhi:
_c1979.
300 _a1136p
942 _cBK
_2ddc
_h547
_iJAI/P
_k547
_mJAI/P
999 _c2087
_d2087